01283nam a2200337Ic 450000100060000000300100000600500170001600700030003300800410003602000180007704000350009504100080013008200140013810000480015224501190020025000210031926400430034030000420038333600270042533700330045233800280048549000130051350000530052665000540057965000530063365000540068670000470074094200120078799900170079995201290081659121CO-BoRNBP20250910220417.0ta180815s2014 ck g 000 0 spa  a9788499216775 aCO-BoRNBPbspaerdacCO-BoRNBP aspa04a465bB17t aBastons Vivanco, Carlos,d1945-eaut96483210aTaller de vocabulario para corregir palabras y expresiones /cCarles Bastons Vivanco, Montserrat Bastons García. aPrimera edicón 1aBarcelona, España :bOctaedro,c2014 a95 páginas :bilustraciones, tablas atextobtxt2rdacontent asin mediaciónbn2rdamedia avolumenbnc2rdacarrier0 aTalleres aRecomendado para un público mayor de 15 años07aEspañolxEnseñanzaxOrtografía2LEMB96483307aEspañolxGramáticaxEnseñanza2LEMB96483107aEspañolxPuntuaciónxEnseñanza2LEMB964834 aBastons García, Montserratd1986-964835 2ddccBK c59121d59121 00102ddc40708GENaMEMAPJGAbMEMAPJGAcGENd2025-09-10l0o465 B17tpMPJG00713r2025-09-10 22:04:41tEj.1w2025-09-10yBK